Vita és együtt gondolkodás mint a filozófia közösségi gyakorlata
Elmentve itt :
| Szerző: | |
|---|---|
| Testületi szerző: | |
| Dokumentumtípus: | Könyv része |
| Megjelent: |
Pro Philosophia Szegediensi Alapítvány, Magyar Filozófiai Társaság, Státus
Szeged, Budapest, Csíkszereda
2022
|
| Sorozat: | Lábjegyzetek Platónhoz
19 A vita : Heller Ágnes emlékére 19 |
| Kulcsszavak: | Filozófia, Vita |
| Tárgyszavak: | |
| Online Access: | http://acta.bibl.u-szeged.hu/78588 |
| LEADER | 01040naa a2200241 i 4500 | ||
|---|---|---|---|
| 001 | acta78588 | ||
| 005 | 20230324112739.0 | ||
| 008 | 230324s2022 hu o 0|| hun d | ||
| 020 | |a 978-615-5727-06-1 | ||
| 022 | |a 1785 7082 | ||
| 040 | |a SZTE Egyetemi Kiadványok Repozitórium |b hun | ||
| 041 | |a hun | ||
| 100 | 1 | |a Pavlovits Tamás | |
| 245 | 1 | 0 | |a Vita és együtt gondolkodás mint a filozófia közösségi gyakorlata |h [elektronikus dokumentum] / |c Pavlovits Tamás |
| 260 | |a Pro Philosophia Szegediensi Alapítvány, Magyar Filozófiai Társaság, Státus |b Szeged, Budapest, Csíkszereda |c 2022 | ||
| 300 | |a 31-39 | ||
| 490 | 0 | |a Lábjegyzetek Platónhoz |v 19 | |
| 490 | 0 | |a A vita : Heller Ágnes emlékére |v 19 | |
| 650 | 4 | |a Bölcsészettudományok | |
| 650 | 4 | |a Filozófia, etika és vallástudományok | |
| 695 | |a Filozófia, Vita | ||
| 710 | |a Lábjegyzetek Platónhoz : A vita : online Heller Ágnes Emlékkonferencia (19.) (2021) (Szeged) | ||
| 856 | 4 | 0 | |u http://acta.bibl.u-szeged.hu/78588/1/platonhoz_019_031-039.pdf |z Dokumentum-elérés |